MDQL
is popping MORE tags! Check the
thread
!
Quizzes
Events
Quiz Creation
Community
Videos
Private Events
Remove Ads
Sign In
Join for FREE
Feedback
Dark Mode
Quiz Categories
Sports
Geography
Music
Movies
Television
Just For Fun
Miscellaneous
History
Literature
Language
Science
Gaming
Entertainment
Religion
Holiday
For Kids
Quiz Lab
Recent
Popular Today
Quiz Kudos Today
Editor Picks
Curator Picks
Quizzes by...
Day
Popularity
Type
Ratings
Length
Year
Community
Subscriptions
Recent Discussions
Orange Saloon
Badges
Playlists
Quests
Create
Leaderboards
Showdown
Live 5
Trivia Bingo
Activity
Puzzle Library
Sporcle Events
Private Events
Virtual Trivia
Globe League
Become a Host
Pub Owners
SporcleCon
Opinionation
Our Games
Videos
Blog
Mobile Apps
Partnerships
Remove Ads and Go Orange
Feedback
Geography
Country
Landmarks
City
State
Population
World
Capital
Continent
Flags
Europe
Africa
Asia
South America
North America
Oceania
Border
Canada
United Kingdom
Topography
United States
Geography
Country
Landmarks
City
State
Population
World
Capital
Continent
Flags
Europe
Africa
Asia
South America
North America
Oceania
Border
Canada
United Kingdom
Topography
United States
Random Quiz
Search Sporcle
×
Quiz Lab
Quiz Lab
Geography
Letter
Type in answers that appear in a list
Type in answers that appear in a list
Classic
Best Score? Go Orange.
Countries with Middle Letters Missing Stats
Can you name the Countries with Middle Letters Missing?
By
cntower
5m
25 Questions
614 Plays
614 Plays
614 Plays
Comments
Comments
Give Quiz Kudos
Give Quiz Kudos
-
- Ratings
hide this ad
More Info
Forced Order
Answers have to be entered in order
Answers have to be entered in order
Random Order
Randomize order of answers
Randomize order of answers
Replay
Link that replays current quiz
Next Quiz
Link to next quiz in quiz playlist
You Got
0%
They Got
Avg Score
66%
Avg Friend Score
Upgrade to see
Score Distribution
Jump to the score distribution portion of the page
Score
0/25
Timer
05:00
0
Plays Today
Clue
Country
% Correct
CADA
Canada
87.5%
JAAN
Japan
86.5%
ZAIA
Zambia
85.7%
PAAY
Paraguay
82.9%
NEDS
Netherlands
81.3%
KAAN
Kazakhstan
79.5%
RUIA
Russia
78.8%
TRGO
Trinidad and Tobago
78.7%
LEHO
Lesotho
77.5%
BASH
Bangladesh
77.5%
HOAS
Honduras
76.4%
GULA
Guatemala
73%
DOCA
Dominica
71.3%
Clue
Country
% Correct
UNOM
United Kingdom
70.8%
POAL
Portugal
69.2%
LIIN
Liechtenstein
58.8%
NEND
New Zealand
57.3%
DEGO
Democratic Republic of the Congo
56.8%
CADE
Cape Verde
53.9%
PAEA
Papua New Guinea
52.8%
ANDA
Antigua and Barbuda
50%
SODS
Solomon Islands
44.8%
MORO
Montenegro
43.5%
CORE
Cote d'Ivoire
39.1%
SAES
St. Vincent and the Grenadines
36%
Quiz Playlist
Details
Report
Send in Message
Add To Playlist
More Info:
Only the first two and last two letters of the countries are written. Even if the country has more than one word, the clue will be written as one.
Classic:
Type in answers that appear in a list
Forced Order:
Answers have to be entered in order
Random Order:
Randomize order of answers
Last Updated: Feb 16, 2017
Quiz Scoreboard
CHALLENGE
Sign Up to Join the Scoreboard
Show All
Scores
Hide
Comments
May contain spoilers
Recently Published
5x2 Blitz: Bands
by SL_Kpop136
Music
30s
Colored Red Africa Blitz
by spor1
Geography
30s
Find the 'City' Movie
by crazypaving
Movies
60s
More to Explore
Quiz From the Vault
Featured Blog Post
14 Easter Pick-up Lines to Find Eggs With
hide this ad
You Might Also Like...
Tags
Country Quiz
Letter Quiz
middle
Today's Top Quizzes in Geography
Browse Geography
hide this ad
Today's Top Quizzes in Letter
Browse Letter
Top Contributed Quizzes in Geography
1
Countries of the World - No Outlines Minefield
2
Colored Red Europe Blitz I
3
Colored Red Africa Blitz II
4
Colored Red Europe Blitz II
5
Colored Red Africa Blitz III
6
Colored Red Europe Blitz III
7
African Flag Reveal XLVI
8
Colored Red States Blitz I
9
Colored Red States Blitz II
10
Colored Red States Blitz III
Explore More
Trending Topics
Kpop
Harry Potter
Crossword
Anime
Disney
NBA
Marvel
The Office
WWE
NFL
Soccer
Country
Pokémon
Puzzle
Song
hide this ad
More By:
cntower
Quiz
Plays
Rating
Category
Featured
Created
Months in Alphabetical Order
55,436
4.60
Just For Fun
Mar 6, 2010
U.S. Presidents by Order of Birth
5,393
4.19
History
Feb 4, 2010
Songs Named After a Girl - Family Guy
748
4.00
Television
Mar 3, 2010
characters that have died on ER
729
4.25
Television
Jan 27, 2010
Countries with Middle Letters Missing
614
3.72
Geography
Apr 6, 2010
Go to Creator's Profile
Score Distribution
Quiz Creator Spotlight
cntower
Follow
Send a Message
Quizzes Created
-
Created Quiz Play Count
-
More By This Creator
Popular Quizzes Today
1
Colored Red Africa Blitz
2
Find the 'City' Movie
3
Find the US States - No Outlines Minefield
4
5x2 Blitz: Bands
5
The Countries of the World
6
Find the US States
7
US States
8
9x9 Crossword: Cartoon Network
More Geography Quizzes
Risk and Reward: US Population
Published
Trending Quizzes
Colored Red Europe Blitz I
Colored Red Europe Blitz II
Colored Red Africa Blitz II
Colored Red Europe Blitz III
Colored Red Africa Blitz III
Recently Updated
How Do You Spell That?
pecheneg
Godzilla Movies
pecheneg
Grab Bag: 4-10 Letters
pecheneg
2024 March Madness Bracket
pecheneg
Famous TV Couples
Peacemaker
Champions League XIs: Real Madrid
pecheneg
Largest US Cities 1790-2010
pecheneg
Rides in Walt Disney World
pecheneg
Most Oscar Losses (Acting)
pecheneg
Beyoncé Albums
pecheneg
Trending Topics
Harry Potter
Marvel
Disney
NBA
Crossword
Anime
Kpop
Soccer
WWE
Country
NFL
Song
Pokémon
Puzzle
The Office
Your Account Isn't Verified!
In order to create a playlist on Sporcle, you need to verify the email address you used during registration. Go to your
Sporcle Settings
to finish the process.
Report this User
Report this user for behavior that violates our
Community Guidelines
.
Details:
Send Report
Go to the Sporcle.com Mobile Site →
Comments